| 000 | 00633cam a2200241ua 4500 | ||
|---|---|---|---|
| 001 | 9623 | ||
| 008 | 160310n ii |||gr||||Z||||||asm | ||
| 020 | _a9789382750130 | ||
| 040 | _cMAIN | ||
| 041 | _aasm | ||
| 082 | _a320.954 | ||
| 100 |
_aDas, Baikuntha, _eAuthor. |
||
| 245 | 1 |
_aBharatiya sarkar aru rajniti _cby Baikuntha Das |
|
| 250 | _a1st ed. | ||
| 260 |
_aDibrugarh: _bBanalata, _c2013. |
||
| 300 | _a325p. | ||
| 653 | _aPolitical science | ||
| 653 | _aIndian government and politics | ||
| 700 |
_aSharma, Anita, _eAuthor. |
||
| 700 |
_aSaikia, Pranjit, _eAuthor. |
||
| 700 |
_aDutta, Mridul, _eAuthor. |
||
| 942 | _cBK | ||
| 999 |
_c8651 _d8651 |
||